00963nam a2200265Ia 4500003000400000005001700004008004100021020001500062040001800077041000800095050001200103082002000115100002900135245009900164250001200263260005700275300002700332650004000359650003900399650004000438700002800478942002900506999001900535952014300554OSt20220217150841.0210716s2012 xx 000 0 und d a0314025294 cAIMIT LIBRARY aeng a7th ed. a658.3 27bMATR aMathis, Robert L.920614 aHuman resource management :bsouth Asian perspective /cBy Robert L Mathis and John H Jackson. a7th ed. aNew Delhi :bCengage Learning India Pvt Ltd ;c2012. axxvii, 656p. ;c25 cm. aEqual employment opportunity920615 aAnalyzing and staffing jobs920616 aCompensating human resources920617 aJackson, John H.920618 2ddccBKe7thk658.3 MATR c198742d198742 00102ddc40738MBAaAIMITbAIMITd2005-01-01iBill no:; Bill dt:1900-01-00l0o658.3 MATRpMBA01307r2025-07-21 00:00:00w2021-07-16yBK